000 00579nam a2200181Ia 4500
008 100920s9999 xx 000 0 und d
082 _b100108
_a891.43 न 06
100 _aकश्यप संजीव.
245 _aहिमालय की महक.
260 _bकलासन प्रकाशन बीकानेर.
_c2006
300 _a79
_bसाधी
365 _b100
520 _aहिंदी.
630 _aहिमालय की महक.
650 _aहिंदी.
730 _aहिमालय की महक.
942 _cBOOK
999 _c740546
_d740543